ANIMORPHS (Record no. 5966)
[ view plain ]
| 000 -LEADER | |
|---|---|
| fixed length control field | 00644nam a22001457a 4500 |
| 020 ## - INTERNATIONAL STANDARD BOOK NUMBER | |
| ISBN | 0-590-99730-0 |
| 082 ## - DEWEY DECIMAL CLASSIFICATION NUMBER | |
| Classification number | 823 |
| Item number | APP/A |
| 100 ## - MAIN ENTRY--AUTHOR NAME | |
| Personal name | APPLEGATE, K A |
| 245 ## - TITLE STATEMENT | |
| Title | ANIMORPHS |
| Remainder of title | THE ANDROID |
| 260 ## - PUBLICATION, DISTRIBUTION, ETC. (IMPRINT) | |
| Place of publication | NEW YORK |
| Name of publisher | SCHOLASTIC INC |
| Year of publication | 1997 |
| 300 ## - PHYSICAL DESCRIPTION | |
| Number of Pages | 170 |
| 520 ## - SUMMARY, ETC. | |
| Summary, etc | The Animorphs arrive at Erek's house, Rachel (in grizzly bear morph) and Tobias stay outside as backup, while Jake, Marco, Cassie, and Ax (in human morph) enter where they meet Erek's dad, and he shows them down to the basement, which starts going down underground like an elevator, to a huge underground park filled ... |
| 650 ## - SUBJECT ADDED ENTRY--TOPICAL TERM | |
| Topical Term | ADVENTURE |
| Geographic subdivision | UNITED STATES |
| 942 ## - ADDED ENTRY ELEMENTS (KOHA) | |
| Koha item type | Books |
| Withdrawn status | Lost status | Collection code | Home library | Current library | Shelving location | Date acquired | Source of acquisition | Full call number | Accession Number | Koha item type |
|---|---|---|---|---|---|---|---|---|---|---|
| Fiction | Main Library | Main Library | SHELF 15 H-HARRY POTTER(CHARACTERISATION),WIMPY KID,DORK DIARIES | 19/06/2010 | purchase | 823 APP/A | 05462 | Books |